Basic ship theory / (Record no. 5971)

MARC details
000 -LEADER
fixed length control field 01006nac a22002651u 4500
010 ## - LIBRARY OF CONGRESS CONTROL NUMBER
LC control number 2001037513
020 ## - INTERNATIONAL STANDARD BOOK NUMBER
International Standard Book Number 0750653965 (v.1 : alk. paper)
020 ## - INTERNATIONAL STANDARD BOOK NUMBER
International Standard Book Number 0750653973 (v.2 : alk. paper)
020 ## - INTERNATIONAL STANDARD BOOK NUMBER
International Standard Book Number 0750653981 (v.5)
082 00 - DEWEY DECIMAL CLASSIFICATION NUMBER
Classification number 623.81
Item number RAW
090 ## - LOCALLY ASSIGNED LC-TYPE CALL NUMBER (OCLC); LOCAL CALL NUMBER (OCLC)
-- 5971
-- 5971
100 ## - MAIN ENTRY--PERSONAL NAME
Personal name Rawson, K. J.
245 10 - TITLE STATEMENT
Title Basic ship theory /
Statement of responsibility, etc K.J. Rawson, E.C. Tupper.
250 ## - EDITION STATEMENT
Edition statement 5th ed. [combined volume]
260 ## - PUBLICATION, DISTRIBUTION, ETC. (IMPRINT)
Place of publication, distribution, etc Boston :
Name of publisher, distributor, etc Butterworth-Heinemann,c.2001.
Date of publication, distribution, etc c.2001.
300 ## - PHYSICAL DESCRIPTION
Extent xxviii, 727 p. :
Other physical details ill. ;
Dimensions 25 cm.
500 ## - GENERAL NOTE
General note Distributer: Al-Ahram.
504 ## - BIBLIOGRAPHY, ETC. NOTE
Bibliography, etc Includes bibliographical references (p. 705-708) and index.
511 ## - PARTICIPANT OR PERFORMER NOTE
Participant or performer note Catalogued By: Mahitab.
650 #0 - SUBJECT ADDED ENTRY--TOPICAL TERM
Topical term or geographic name as entry element Naval architecture.
700 1# - ADDED ENTRY--PERSONAL NAME
Personal name Tupper, E. C.
856 41 - ELECTRONIC LOCATION AND ACCESS
Materials specified Table of contents only
Uniform Resource Identifier <a href="http://www.loc.gov/catdir/toc/els031/2001037513.html">http://www.loc.gov/catdir/toc/els031/2001037513.html</a>
856 41 - ELECTRONIC LOCATION AND ACCESS
Materials specified Publisher description
Uniform Resource Identifier <a href="http://www.loc.gov/catdir/enhancements/fy0612/2001037513-d.html">http://www.loc.gov/catdir/enhancements/fy0612/2001037513-d.html</a>
942 ## - ADDED ENTRY ELEMENTS (KOHA)
Item type Book - Borrowing
Call number prefix 623.81RAW
Holdings
Withdrawn status Item status Damaged status Not for loan Home library Current library Shelving location Date acquired Source of acquisition Total Checkouts Total Renewals Full call number Barcode Date last seen Date last borrowed Koha item type
        Central Library Central Library First floor 07/11/2011 Purchase 1 7 623.81RAW 000006970 15/07/2025 05/02/2013 Book - Borrowing